Statistics for Places with the Most Poles

Click here to take the quiz!

General Stats

  • This quiz has been taken 74 times
  • The average score is 16 of 20

Answer Stats

PopulationCountry% Correct
2,850,000Germany
100%
630,000United Kingdom
99%
38,000,000Poland
97%
10,600,000United States
97%
1,010,705Canada
93%
1,000,000France
91%
273,000Russia
91%
70,606Spain
90%
75,323Sweden
88%
144,130Ukraine
84%
109,018Italy
82%
216,056Australia
79%
120,000Norway
76%
3,000,000Brazil
75%
122,585Ireland
72%
900,000Belarus
70%
212,800Lithuania
70%
70,600Belgium
69%
500,000Argentina
63%
1,250,000Israel
25%

Score Distribution

Percentile by Number Answered

Percent of People with Each Score

Your Score History

You have not taken this quiz